000 00688nam a2200217Ii 4500
003 JO-AjNU
008 230605s9999||||xx |||||||||||||| ||und||
017 _a2012-364
020 _a978-9959-808-36-3
040 _aJO-AjNU
_bara
_erda
_cJO-AjNU
041 _aara
050 1 4 _aQA76.76 2012
100 3 _aابوالعزم، ايهاب,
_eauthor
_944553
245 0 0 _aسلسلة المدخل السريع الى ويندز8 = Windows 8
264 3 1 _aبيروت:دار الحكمة، 2012
300 _a138ص
336 _atext
_btxt
_2rdacontent
337 _aunmediated
_bn
_2rdamedia
338 _avolume
_bnc
_2rdacarrier
650 4 _aبرامج الحسوب-ويندوز
_944554
999 _aA19246
_c22814
_d22814